00767nam a2200205 i 4500001000700000003000900007005001700016007000300033008004100036100003500077245012800112250001300240260003000253300002000283490006300303650003200366651006600398830006300464852003400527145368ES-MaACL20250831030034.0t|070214s1961 mx r ||||1| spa d1 aMartín Fernández, Alberto.14aLos Cristeros del volcán de Colima b: escenas de la lucha por la libertad religiosa en México 1926-1929 / cSpectator. a2ª. ed. aMéxico : bJus, c1961. a2 v. ; c23 cm.1 aFiguras y episodios de la historia de México ; v103-10404aIglesia y Estado-zMéxico 4aMéxico-xHistoria-y1926-1929, Rebelión de los cristeros.0 aFiguras y episodios de la historia de México ; v103-104 aES-MaACLjE-9406-07 bR.94201